<?xml version="1.0" encoding="UTF-8"?>
<record
    xmlns:xsi="http://www.w3.org/2001/XMLSchema-instance"
    xsi:schemaLocation="http://www.loc.gov/MARC21/slim http://www.loc.gov/standards/marcxml/schema/MARC21slim.xsd"
    xmlns="http://www.loc.gov/MARC21/slim">

  <leader>00535nam a2200193Ia 4500</leader>
  <controlfield tag="003">OSt</controlfield>
  <controlfield tag="005">20260223121039.0</controlfield>
  <controlfield tag="008">250729s2007    xx            000 0 und d</controlfield>
  <datafield tag="040" ind1=" " ind2=" ">
    <subfield code="c">AL</subfield>
  </datafield>
  <datafield tag="041" ind1=" " ind2=" ">
    <subfield code="a">kan</subfield>
  </datafield>
  <datafield tag="082" ind1=" " ind2=" ">
    <subfield code="a">020.2 KARS</subfield>
  </datafield>
  <datafield tag="100" ind1=" " ind2=" ">
    <subfield code="a">&#xC95;&#xCB0;&#xCCD;&#xCA8;&#xCBE;&#xC9F;&#xC95; &#xCB8;&#xCB0;&#xCCD;&#xC95;&#xCBE;&#xCB0;</subfield>
    <subfield code="9">229487</subfield>
  </datafield>
  <datafield tag="245" ind1=" " ind2=" ">
    <subfield code="a">&#xCB8;&#xCAE;&#xCBE;&#xC9C; &#xCB5;&#xCBF;&#xC9C;&#xCCD;&#xCA8;&#xCBE;&#xCA8;-&#xC8E;&#xC82;&#xC9F;&#xCA8;&#xCC7; &#xCA4;&#xCB0;&#xC97;&#xCA4;&#xCBF;</subfield>
  </datafield>
  <datafield tag="260" ind1=" " ind2=" ">
    <subfield code="a">&#xCAC;&#xCC6;&#xC82;&#xC97;&#xCB3;&#xCC2;&#xCB0;&#xCC1;</subfield>
    <subfield code="c">2007</subfield>
  </datafield>
  <datafield tag="300" ind1=" " ind2=" ">
    <subfield code="a">234p</subfield>
  </datafield>
  <datafield tag="650" ind1=" " ind2=" ">
    <subfield code="a">Sociology</subfield>
    <subfield code="9">229488</subfield>
  </datafield>
  <datafield tag="700" ind1=" " ind2=" ">
    <subfield code="a">Rao Digumurthi</subfield>
    <subfield code="9">229489</subfield>
  </datafield>
  <datafield tag="942" ind1=" " ind2=" ">
    <subfield code="2">ddc</subfield>
    <subfield code="c">BED</subfield>
  </datafield>
  <datafield tag="999" ind1=" " ind2=" ">
    <subfield code="c">238348</subfield>
    <subfield code="d">238348</subfield>
  </datafield>
  <datafield tag="952" ind1=" " ind2=" ">
    <subfield code="0">0</subfield>
    <subfield code="1">0</subfield>
    <subfield code="4">0</subfield>
    <subfield code="7">0</subfield>
    <subfield code="a">AL</subfield>
    <subfield code="b">AL</subfield>
    <subfield code="d">2025-07-29</subfield>
    <subfield code="e">Donated by Mrs.Zeena Roopa Pinto</subfield>
    <subfield code="g">120.00</subfield>
    <subfield code="l">0</subfield>
    <subfield code="o">020.2 KARS</subfield>
    <subfield code="p">BED03667</subfield>
    <subfield code="r">2025-07-29 16:56:37</subfield>
    <subfield code="v">120.00</subfield>
    <subfield code="w">2025-07-29</subfield>
    <subfield code="y">BK</subfield>
  </datafield>
</record>
